| 000 | 01186nam a2200313 i 4500 | ||
|---|---|---|---|
| 003 | EG-GICUC | ||
| 005 | 20260121101202.0 | ||
| 008 | 251110s1959 ua d|||fr|||| 000 0 ara d | ||
| 017 | _a2000/1959 | ||
| 040 |
_a EG-GICUC _bara _c EG-GICUC _d EG-GICUC _erda |
||
| 041 | 0 | _aara | |
| 082 | 0 | 4 |
_221 _a338.9 _bص ل . أ |
| 092 | 0 | 4 | _221 |
| 099 | _aLaw1 13 338.9 ص ل . أ 1959 | ||
| 100 | 0 |
_aصلاح الدين نامق _eمؤلف. |
|
| 245 | 1 | 0 |
_aأسس التنمية الاقتصادية في البلاد العربية / _cدكتور صلاح الدين نامق. |
| 264 | 1 |
_aالقاهرة : _bدار المعارف, _c1959. |
|
| 300 |
_a131 صفحة : _bإيضاحيات،جداول ؛ _c18 سم. |
||
| 336 |
_2rda content _atext |
||
| 337 |
_2rda media _aComputer |
||
| 338 |
_2rda carrier _aOnline Resource |
||
| 546 | _aالنص باللغة العربية | ||
| 650 | 1 |
_aالمالية العامة والتشريع الضريبي _2qrmak |
|
| 651 | 1 | _2qrmak | |
| 710 | _aمركز التربية الأساسية في العالم العربي | ||
| 856 | 4 | 0 | _uhttps://fll.law.cu.edu.eg/fulltext/bks/B13-06966.pdf |
| 905 |
_a70 _eYara |
||
| 942 |
_2ddc _cBK _e21 _n0 |
||
| 999 |
_c42100 _d42100 |
||